The Advocates Act,1961/ (Record no. 182869)
[ view plain ]
| 000 -LEADER | |
|---|---|
| fixed length control field | 00585 a2200193 4500 |
| 005 - DATE AND TIME OF LATEST TRANSACTION | |
| control field | 20240301112127.0 |
| 010 ## - LCCN (DPL NO) | |
| LC control number | ENG-130238 |
| 020 ## - INTERNATIONAL STANDARD BOOK NUMBER | |
| Terms of availability | 750.00 |
| International Standard Book Number | 9788180387975 |
| 035 ## - SYSTEM CONTROL NUMBER | |
| System control number | EN-113770 |
| 037 ## - SOURCE OF ACQUISITION | |
| Source of stock number/acquisition | DBAD / PUB |
| 082 ## - DEWEY DECIMAL CLASSIFICATION NUMBER | |
| Classification number | 345.01 |
| 100 ## - MAIN ENTRY--PERSONAL NAME | |
| Personal name | Sapre Akshay |
| 245 ## - TITLE STATEMENT | |
| Title | The Advocates Act,1961/ |
| Statement of responsibility, etc | Jernail Singh Anand |
| Medium | English |
| 250 ## - EDITION STATEMENT | |
| Edition statement | 2012 |
| 260 ## - PUBLICATION, DISTRIBUTION, ETC. (IMPRINT) | |
| Place of publication, distribution, etc | DLF Cyber City |
| Name of publisher, distributor, etc | Lexis Nexis |
| Date of publication, distribution, etc | 2012 |
| 270 ## - ADDRESS | |
| City | Haryana |
| Postal code | 122002 |
| Address | 14th floor , Building No. 10 , Tower -B |
| 300 ## - PHYSICAL DESCRIPTION | |
| Extent | 551p; |
| Dimensions | 25(pbk) |
| 942 ## - ADDED ENTRY ELEMENTS (KOHA) | |
| Institution code [OBSOLETE] | dpl |
| Item type | English Books |
| Source of classification or shelving scheme | Dewey Decimal Classification |
| Classification part | 345.01 |
| Call number suffix | Sap |
| Edition | 2012 |
| Withdrawn status | Lost status | Not for loan | Collection code | Home library | Current library | Date acquired | Source of acquisition | Cost, normal purchase price | Full call number | Barcode | Copy number | Cost, replacement price | Koha item type |
|---|---|---|---|---|---|---|---|---|---|---|---|---|---|
| Not For Loan | Non-fiction | D.B.Act.Division | D.B.Act.Division | 01/03/2024 | DBAD/PUB | 750.00 | SAP | EN-113770 | 1 | 750.00 | English Books |
